| 000 | 01625nac a22003611u 4500 | ||
|---|---|---|---|
| 010 | _a 00040463 | ||
| 020 | _a0312229798 (cloth) | ||
| 082 | 0 | 0 |
_a327.47073 _bSHI. |
| 090 |
_c5292 _d5292 |
||
| 100 | _aShiraev, Eric, | ||
| 245 | 1 | 0 |
_aAnti-Americanism in Russia : _bfrom Stalin to Putin / _cEric Shiraev and Vladislav Zubok. |
| 250 | _a1st ed. | ||
| 260 |
_aNew York : _bPalgrave,c.2000. _cc.2000. |
||
| 300 |
_a182 p. ; _c22 cm. |
||
| 500 | _aDistributer : Al Ahram. | ||
| 504 | _aIncludes bibliographical references (p. [161]-175) and index. | ||
| 511 | _aCatalogued By: Mahitab | ||
| 650 | 0 |
_aPublic opinion _zSoviet Union. |
|
| 650 | 0 |
_aPublic opinion _zRussia (Federation) |
|
| 650 | 0 |
_aPropaganda, Anti-American _zSoviet Union. |
|
| 650 | 0 |
_aPropaganda, Anti-American _zRussia (Federation) |
|
| 651 | 0 |
_aSoviet Union _xRelations _zUnited States. |
|
| 651 | 0 |
_aUnited States _xRelations _zSoviet Union. |
|
| 651 | 0 |
_aRussia (Federation) _xRelations _zUnited States. |
|
| 651 | 0 |
_aUnited States _xRelations _zRussia (Federation) |
|
| 651 | 0 |
_aUnited States _xForeign public opinion, Russian. |
|
| 700 | 1 |
_aZubok, V. M. _q(Vladislav Martinovich) |
|
| 856 | 4 | 2 |
_3Contributor biographical information _uhttp://www.loc.gov/catdir/bios/hol058/00040463.html |
| 856 | 4 | 2 |
_3Publisher description _uhttp://www.loc.gov/catdir/description/hol051/00040463.html |
| 856 | 4 | 2 |
_3Table of contents _uhttp://www.loc.gov/catdir/toc/hol051/00040463.html |
| 942 |
_cBB _k327.47073SHI. |
||
| 999 |
_c5292 _d5292 |
||